000 00629nam a22002177a 4500
999 _c8879
_d8879
001 8879
003 OSt
005 20180305120610.0
008 180305b1977 bg ||||| |||| 00| 0 ben d
035 _a(BD-JhCC)8879
040 _aBD-JhCC
_dBD-JhCC
041 _aben
082 _a305.1
_bDAS 1377
100 _aদস্তিদার, পূর্ণেন্দু
245 _aবীর-কন্যা প্রতিলতা /
_c পূর্ণেন্দু দস্তিদার
260 _bকাশ ভবন
_c1377.
300 _a115 p. :
_c21 cm.
650 _aWomend
942 _2ddc
_cBK